000 01052nam a22001935i 4500
001 157981
003 ES-MaACL
005 20230906210932.0
008 941221s1791 sp |||| | spa d
040 _aAR
_bspa
100 1 _aLópez, Juan de Dios.
_9129258
245 1 0 _aCompendio anatómico
_b: tercera parte, Esplanchnologia, de la naturaleza y circunstancias de todas las visceras o entrañas contenidas en las tres cavidades /
_cpor el licenciado Don Juan de Dios Lopez... ; tomo segundo.
260 _aMadrid :
_ben la imprenta de la viuda de Marín,
_c1791.
300 _a480 p. ;
_c8º.
505 8 _aContiene : Quarta parte, Angiología, Neurología y Adenología o Discurso teórico-práctico de la naturaleza y circunstancias de las arterias y de los nervios y de las glandulas
597 1 _aSign. : A-Z<8>, 2A-2G<8>
597 1 _aQuarta parte con portadilla propia.
852 _aES-MaACL
_jR-1252
_z-- Enc. pasta española
_z-- Dedicatoria ms. de José Velez Sanchez a la Biblioteca de los Escolares Médicos
_x Olim: G-10599
999 _c157981
_d157981